Statistiken für Marvel, DC oder nichts von beidem

Klicken Sie hier um das Quiz zu spielen!

Allgemein

  • Dieses Quiz wurde 562 mal gespielt
  • Das Durchschnittsergebnis liegt bei 10 aus 12

Antwortstatistiken

FrageAntwort% Korrekt
BatmanDC
96%
Black WidowMarvel
96%
SpidermanMarvel
96%
CatwomanDC
93%
FlashDC
90%
Green LanternDC
85%
Rocket RaccoonMarvel
85%
DeadpoolMarvel
83%
HanockNichts von Beidem
76%
YonduMarvel
71%
WolverineMarvel
67%
HellboyNichts von Beidem
58%

Verteilung der Resultate

Perzentil nach korrekt beantworteten Fragen

Anzahl Personen mit jedem Resultat

Ihre Resultats-Entwicklung

Sie haben dieses Quiz noch nicht gespielt